=LDR 00000nam 2200000 4500 =001 INLIS000000000049322 =005 20240223065603 =035 ##$$a 0010-021700000000114 =008 240223################e##########0#ind## =020 ##$$a 978-602-99946-6-7 =040 ##$$a NBPDMAT =082 ##$$a 392 .5 =090 ##$$a 392 .509 598 65 Fac p =100 ##$$a Fachir Rahman, M. =245 1#$$a Pernikahan di Nusa Tenggara Barat : $b Antara Islam dan Tradisi /$c Drs .H . M . Fachir Rahman , MA ; Editor Mukhlis Muma Leon , M. Nor =260 ##$$a Mataram :$b LEPPIM Iain Mataram,$c 2013 =300 ##$$a XI, 155 cm . : $b ilus , ; $c 23 cm =500 ##$$a Bibliografi : hlm .143 - 145 =500 ##$$a Bibliografi : hlm 155 =500 ##$$a Indeks : hlm . 147 -154 =650 #4$$a Adat Dan Upacara Perkawinan NTB =700 #$$a Mukhlis muma leon =700 #$$a M . Nor =084 ##$$a 392 .5 FAC p =990 ##$$a 21602195 =990 ##$$a 238/46/2017 =990 ##$$a 238/46/2017 =990 ##$$a 238/46/2017 =990 ##$$a 238/46/2017 =990 ##$$a 238/46/2017